| 000 | 00392nam a22001457a 4500 | ||
|---|---|---|---|
| 020 | _a9781259027512 | ||
| 040 | _cNUST | ||
| 082 |
_a620.1129 _bCOU |
||
| 100 |
_aCourtney, Thomas H. _959613 |
||
| 245 |
_aMechanical Behavior Of Materials / _cThomas H. Courtney |
||
| 250 | _a2nd Ed. | ||
| 260 |
_aIndia, _bMcGrawHill, _c2017. |
||
| 300 |
_axviii, 733p. ; _bPaperback _c24cm. |
||
| 942 |
_2ddc _cBK |
||
| 999 |
_c586492 _d586492 |
||